01560 2200241 4500001002100000005001500021035002000036007000300056008004100059020002200100082001000122084001600132100003600148245006500184300003500249700003700284520087600321600001301197264003401210336002101244337003001265338002301295INLIS00000000000027520210205092812 a0010-0221000068ta210205 g 1 ind  a978-602-6847-16-4 a158.7 a158.7 PRO b0 aProf. Suyanto, Ph. DePengarang1 aBetapa Mudah Menyusun Tulisan Ilmiah /cProf. Suyanto, Ph. D aviii, 150 Halama ;c15 x 23 cm0 aDrs. Asep Jihad, M,PdePengarang aSaat ini, kemampuan menulis ilmiah sudah menjadi keahlian wajib bagi dosen, guru, mahasiswa, dan bahkan pelajar. Malah lebih bagus lagi jika masyarakat umum juga memiliki kemampuan menulis ilmiah. Akan tetapi, banyak orang beranggapan bahwa penyusunan tulisan ilmiah adalah hal yang sulit. Memang, kemampuan menulis bukanlah keahlian yang muncul tiba-tiba, atau dapat diperoleh begitu saja dari orang lain. Butuh pelatihan diri untuk dapat menguasai keahlian penting ini. Inilah alasan hadirnya buku Betapa Mudah Menyusun Tulisan Ilmiah. Buku ini memberikan kontribusi bagi semua orang yang ingin menyusun tulisan ilmiah. Jika sebelumnya menyusun tulisan ilmiah dianggap sebagai hal yang sukar, dengan membaca buku ini pembaca diharapkan dapat terdorong untuk memiliki kemauan menulis, motivasi menulis, dan akhirnya mengembangkan fondasi kemampuan menulis yang kokoh. 4aMotivasi aYogyakarta :bErlangga,c2016 aTeks2rdacontent aTanpa Perantara2rdamedia aVolume2rdacarrier